| 000 | 01223nam a22002417a 4500 | ||
|---|---|---|---|
| 003 | AR-RoUNCS | ||
| 005 | 20260204132229.0 | ||
| 008 | 091109s2007 ag ||||gr |00| d spa | ||
| 015 | _aAR-2007 | ||
| 020 | _a978-950-581-016-1 | ||
| 040 |
_aAR-BaBN _bspa _cAR-RoUNCS _eaacr |
||
| 080 | 1 |
_a82-2(460) _22016 |
|
| 100 | 1 |
_aFernández de Moratín, Leandro, _d1760-1828 _eautor _4aut |
|
| 245 | 1 | 3 |
_aEl sí de las niñas / _cLeandro Fernández de Moratín. |
| 250 | _a1a ed., 14 reimp. | ||
| 260 |
_aBuenos Aires : _bColihue, _c2007. |
||
| 300 |
_a126 p. ; _b18 cm. |
||
| 490 | 0 | _aColección literaria. | |
| 520 | 3 | _aEl sí de las niñas es una obra de teatro española escrita por Leandro Fernández de Moratín, estrenada en 1806. La comedia se refiere a los matrimonios concertados y a la falta de libertad de las mujeres en la elección de su pareja. Aunque en aquella época fue prohibida por su revolucionario mensaje, sobrevivió a la censura y sigue siendo representada en la actualidad. Con ello, mantiene su vigencia como una de las críticas más agudas a las costumbres del siglo XVIII en España. | |
| 650 | 7 |
_2embne _aLiteratura española _ySiglo XVIII |
|
| 655 | 7 |
_aComedia _2embne |
|
| 942 |
_2udc _cLPD _n0 |
||
| 999 |
_c874 _d874 |
||